000 00574nam a2200193Ia 4500
005 20250508163110.0
008 008 250505s9999 xx 000 0 eng d
037 _aTextual
040 _aFEDL
_beng
_cFEDL
041 _aeng
_2eng
084 _a370.733, JAH
_qFEDL
100 _aJangira N K
_9452373
245 0 _aProfessional enculturation : Innovative experiments in teaching and training
260 _aNew Delhi, India
_bBook Worth
_c1985
300 _axv,99p.
650 _aEducation
942 _cTEXL
_h370.733, JAH
999 _c1380818
_d1380818